000 00530nam a2200217Ia 4500
003 OSt
005 20220928141037.0
006 a|||||r|||| 00| 0
007 ta
008 220927b |||||||| |||| 00| 0 eng d
024 _a13086
037 _cTextual
040 _aSDCL
_cSDCL
_beng
041 _2eng
_aeng
082 _aO-,3NNW,1, M2
100 _aWheatley Nadia
_9498659
245 0 _aFive times dizzy.
260 _c1982
942 _hO-,3NNW,1, M2
_cTEXL
_2CC
999 _c815495
_d815495